| 000 | 00996cam a22002533a 4500 | ||
|---|---|---|---|
| 001 | 24540 | ||
| 003 | PGUSA | ||
| 005 | 20140828083527.0 | ||
| 008 | 080207s2008||||xxu|||||s|||||000 1 eng d | ||
| 040 |
_aPGUSA _beng |
||
| 042 | _adc | ||
| 050 | 4 | _aPS | |
| 100 | 1 |
_aBrown, Alice, _d1857-1948 |
|
| 245 | 1 | 0 |
_aCountry Neighbors _h[electronic resource] / _cAlice Brown |
| 260 |
_bProject Gutenberg, _c2008 |
||
| 505 | 0 | _aThe play house -- His first wife -- A flower of April -- The auction -- Saturday night -- A grief deferred -- The challenge -- Partners -- Flowers of paradise -- Gardener Jim -- The silver tea-set -- The other Mrs. Dill -- The advocate -- The masquerade -- A poetess in spring -- The master minds of history. | |
| 506 | _aPublic domain in the USA. | ||
| 516 | _aElectronic text | ||
| 653 | _aAmerican fiction -- 20th century | ||
| 653 | _aCountry life -- Fiction | ||
| 830 | 0 |
_aProject Gutenberg _v24540 |
|
| 856 | 4 | 0 | _uhttp://www.gutenberg.org/ebooks/24540 |
| 942 | _cEB | ||
| 999 |
_c253795 _d253795 |
||